| 000 | 02563nam a2200481 a 4500 | ||
|---|---|---|---|
| 999 |
_c129516 _d129516 |
||
| 003 | BLK | ||
| 005 | 20240611102842.0 | ||
| 008 | 180409b bul|||||r ||||||| ||bul|| | ||
| 010 | _aKNG00135253000 | ||
| 040 | _aBLK | ||
| 041 |
_aBUL _cBUL |
||
| 072 | 7 |
_2bullib _aА _xФонд Михаил Арнаудов |
|
| 072 | 7 |
_2bullib _aЯ _xАвтографи |
|
| 080 |
_aБългарска литература _b821.163.2 _x-312.6 _z821.163.2-312.6 |
||
| 080 |
_aБългария през периода на развития феодализъм (1018-1396) _b94(497.2)"1018/1396" _x(092)(0:82-31) _z94(497.2)"1018/1396"(092)(0:82-31) |
||
| 080 |
_aБългарски духовен водач _b929 Василий Врач _z929 Василий Врач |
||
| 100 | 1 |
_aБогданов, Иван _eпърви автор _gГенчев, Иван Богданов _9365495 |
|
| 139 |
_aБогданов, Иван _bБ 54 |
||
| 245 | 1 | 0 |
_aВасилий Врач _bРоманизуван живот _cИван Богданов; * Иван Богданов Генчев. |
| 257 | _aBGR | ||
| 260 |
_aСофия _bНар. младеж _c1968 |
||
| 300 |
_a212 с., 8 с л. _bил., факс. _c22 см |
||
| 380 | _aX | ||
| 490 |
_aБиблиотека България в образи _9204857 |
||
| 490 |
_aКниги за видни българи _v№ 8 _9204612 |
||
| 490 |
_aЧастна колекция - Академик Михаил Арнаудов _9396381 _gДарение - Основен фонд |
||
| 500 | _aПълното име на авт. е Иван Богданов Генчев. - Фонд Михаил Арнаудов - Автограф с текст На академик Михаил Арнаудов с преклонение пред творческото му дело София 25.ХІ.1968 И Богданов. - Твърда подв. | ||
| 600 | 1 | 4 |
_aВасилий Врач _9321751 |
| 650 | 4 |
_aВасилий Врач _9321751 |
|
| 651 | 4 |
_aБългария _9241624 |
|
| 653 | _aВасилий Врач | ||
| 653 | _aроманизувани биографии | ||
| 659 | _aА | ||
| 659 | _aЯ | ||
| 700 |
_aГенчев, Иван Богданов _9367896 |
||
| 852 |
_aЦб 45589 _bЦб |
||
| 852 |
_aМА 469 _bМА |
||
| 942 |
_cKNG _n0 _s1 |
||
| 944 |
_aCR _c18.10.2012 _lСевдалина Тодорова _k30540 |
||
| 944 |
_aED _c28.12.2016 _l18.10.2012 - от С1,Р / 18.10.2012 _kГеновева_Генчева |
||
| 944 |
_aED _c2022-06-15 _kКети |
||
| 999 | _d129516 | ||